Dlhodobá nezamestnanosť a súčasne nedostatok pracovných síl - protichodné výzvy pre politiky zamestnanosti na Slovensku
Dlhodobá nezamestnanosť patrí dlhodobo medzi najpálčivejšie problémy Slovenska. A to aj napriek tomu, že v posledných rokoch zaznamenávame podstatne priaznivejší vývoj parametrov trhu práce ako v minulosti. Popri tom sa po vyprchaní tzv. demografickej dividendy ešte zvýrazní potreba dopĺňania nedost...
Na minha lista:
| Autor principal: | |
|---|---|
| Formato: | Capítulo de Livro |
| Idioma: | eslovaco |
| Assuntos: | |
| Tags: |
Sem tags, seja o primeiro a adicionar uma tag!
|
MARC
| LEADER | 00000nla a2200000 4500 | ||
|---|---|---|---|
| 001 | 0239167 | ||
| 005 | 20240417075131.3 | ||
| 041 | 0 | |a slo | |
| 044 | |a SK | ||
| 245 | 1 | 0 | |a Dlhodobá nezamestnanosť a súčasne nedostatok pracovných síl - protichodné výzvy pre politiky zamestnanosti na Slovensku |c Miroslav Štefánik |
| 520 | |a Dlhodobá nezamestnanosť patrí dlhodobo medzi najpálčivejšie problémy Slovenska. A to aj napriek tomu, že v posledných rokoch zaznamenávame podstatne priaznivejší vývoj parametrov trhu práce ako v minulosti. Popri tom sa po vyprchaní tzv. demografickej dividendy ešte zvýrazní potreba dopĺňania nedostatkovej pracovnej sily. | ||
| 610 | 2 | 0 | |a nezamestnanosť dlhodobá |
| 610 | 2 | 0 | |a sily pracovné |
| 610 | 2 | 0 | |a politika zamestnanosti |
| 610 | 2 | 0 | |a Slovensko |
| 100 | 1 | |a Štefánik, Miroslav | |